Legendarne Seriale, które zapadną w pamięć. - Statystyki

Ogólne statystyki
  • Ten quiz został rozwiązany 508 razy
  • Średni wynik to 7 z 16
Statystyki odpowiedzi
Opis Odpowiedź % Poprawnych
Został wyprodukowany w 2017 roku. Po niezbyt wielkim sukcesie na Antena 3 przejął go Netflix. Opowiada o napadzie na mennicę i bank Hiszpanii Dom z Papieru
95%
Serial grozy o zombi. Chyba każdy go zna ;) The Walking Dead
81%
Serial komediowy o przyjacielach i ich śmiesznych problemów. Przyjaciele
77%
Przygody dwóch ludzi, "Dziadka i Wnuka". Dziadek jest naukowcem. Rick and Morty
61%
Główny bohater dowiaduje się, że ma raka więc zaczyna zabezpieczać czymś rodzinę Breaking Bad
60%
Serial opowiada o lekarzu, który rozwiązuje dość rzadkiego choroby w swoim szpitalu. Dr. House
60%
Serial o znanym detektywie. Sherlock Holmes
56%
Adaptacja Sagi George'a R.R Martina Gra o Tron
53%
Serial opowiada o problemach, które mogą się zdarzyć w przyszłości. Jest znany z tego, że nie jest numerowany. Czarne Lustro
35%
Serial anime liczący 5 sezonów. Najlepszy serial lat 80-90. Dragon Ball
31%
Serial polityczny w USA jakich mało. Zachwycił duże pole oglądalności na Netflixie. Dom z Kart
18%
Film o "brutalnym" więzieniu i o dziewczynie, która wpadła tam przez pomyłkę. Uwięzione
15%
Polski serial. Znany z klimatu i ksywek. Wyprodukowano w 2018 roku. Ślepnąc od Świateł
13%
Polski serial o bombie i zamachu, w którym zginęli przyjaciele głównego bohatera Wataha
5%
Jeden z lepszych serialów akcji/western w XX wieku. Liczy 5 sezonów. Drużyna A
1%
Historia prawdziwa o trzech żołnierzach. Pacyfik
1%
Nie znaleziono quizów pasujących do podanych kryteriów
Rozkład punktacji
Procent ludzi z każdym wynikiem
Percentyl według liczby udzielonych odpowiedzi
Twoja historia wyników
Nie rozwiązałeś tego quizu